Random Knowledge Quiz #35 - Statistics

General Stats
  • This quiz has been taken 198 times
  • The average score is 9 of 15
Answer Stats
Question Answer % Correct
In which sport can you hear terms such as Ace, Birdie, Eagle, Albatross, Par, and Fore? Golf
94%
And who is the most famous player of that sport? Tiger Woods
88%
What is the name of the prison in front of San Francisco? Alcatraz
87%
Which planet in our solar system holds the most gravity? Jupiter
85%
Which real nuclear power plant was the subject of the Emmy winning 2019 HBO drama series? Chernobyl
82%
Where are the Cheerleading World Championships held every April or May? Orlando, Florida
77%
Who is the 25th President of France, serving since 2017? Emmanuel Macron
65%
Not including the individual emirates composing the UAE, name one of the five absolute monarchies that exist in 2023. Brunei, Eswatini, Oman, Saudi Arabia, or Vatican City
62%
What drink was famously advertised by Britney Spears, Beyonce, and Pink as gladiators? Pepsi
49%
Though it closed in April 2023, what is still the longest running show on Broadway? The Phantom of the Opera
46%
Finish these lyrics: Oh, when I look back now / That summer seemed to last forever / And if I had the choice / Yeah, I'd always wanna be there / Those were the... Best days of my life
44%
Whose motto is "Always be prepared"? The Scout movement
42%
As of 2023, which country has the largest GDP per capita? Luxembourg
29%
According to some survivors, what was the last song that the Titanic's string ensemble played as the ship sank? Nearer, My God, to Thee
6%
What is the cabin manager, or chief flight attendant, often called on modern airlines? Purser
6%
No matching quizzes found
Score Distribution
Percent of People with Each Score
Percentile by Number Answered
Your Score History
You have not taken this quiz